Digital leadership changing paradigms for changing times

Guardat en:
Dades bibliogràfiques
Autor principal: SHENINGER, Eric
Format: Llibre
Idioma:anglès
Publicat: A Sage 2014
Etiquetes: Afegir etiqueta
Sense etiquetes, Sigues el primer a etiquetar aquest registre!

MARC

LEADER 00000nam a22000007a 4500
008 210121b ||||| |||| 00| 0 eng d
020 |a 978-1-4522-7661-8 
100 |a SHENINGER, Eric. 
245 |a Digital leadership  |b changing paradigms for changing times  |c Eric Sheninger; foreword by Yong Zhao  |g xxxv: 227p; ill. 
260 |b A Sage  |c 2014  |h Thousand Oaks, California: Corwin  |i 692537  |i 692538  |l LB1028.3 .Sh4  |m Educational technology – Planning.  |m Educational leadership.  |m Education – Effect of technological innovations on.  |m School management and organization.  |m Education – Aims and objectives. 
942 |a lcc  |c BK  |e YUNUSA, A.A.  |f 21/01/2021 
952 |0 0  |1 0  |2 lcc  |4 0  |6 LB10283 S H4  |7 0  |9 1350  |a HOL  |b ED  |c LP  |d 2021-01-21  |l 0  |o LB1028.3 .Sh4  |p 2021-0157  |r 2021-01-21 00:00:00  |w 2021-01-21  |y BK 
952 |0 0  |1 0  |2 lcc  |4 0  |6 LB10283 S H4  |7 0  |9 1351  |a HOL  |b HOL  |c LP  |d 2021-01-21  |l 0  |o LB1028.3 .Sh4  |p 2021-0158  |r 2021-01-21 00:00:00  |w 2021-01-21  |y BK 
999 |c 702  |d 702